MDQL
is popping MORE tags! Check the
thread
!
Quizzes
Events
Quiz Creation
Community
Videos
Private Events
Remove Ads
Sign In
Join for FREE
Feedback
Dark Mode
Quiz Categories
Sports
Geography
Music
Movies
Television
Just For Fun
Miscellaneous
History
Literature
Language
Science
Gaming
Entertainment
Religion
Holiday
For Kids
Quiz Lab
Recent
Popular Today
Quiz Kudos Today
Editor Picks
Curator Picks
Quizzes by...
Day
Popularity
Type
Ratings
Length
Year
Community
Subscriptions
Recent Discussions
Orange Saloon
Badges
Playlists
Quests
Create
Leaderboards
Showdown
Live 5
Trivia Bingo
Activity
Puzzle Library
Sporcle Events
Private Events
Virtual Trivia
Globe League
Become a Host
Pub Owners
SporcleCon
Opinionation
Our Games
Videos
Blog
Mobile Apps
Partnerships
Remove Ads and Go Orange
Feedback
Gaming
Video Games
Board Games
Card Games
Pokémon
Mario
Nintendo
Minecraft
Console
Toys
Legend of Zelda
Gaming
Video Games
Board Games
Card Games
Pokémon
Mario
Nintendo
Minecraft
Console
Toys
Legend of Zelda
Random Quiz
Search Sporcle
×
Quiz Lab
Quiz Lab
Gaming
fallout
Type in answers that appear in a list
Type in answers that appear in a list
Classic
Best Score? Go Orange.
Fallout Shelter Junk Items Stats
Can you name the Fallout Shelter Junk Items
By
Mr_Foreveralone
3m
21 Questions
25 Plays
25 Plays
25 Plays
Comments
Comments
Give Quiz Kudos
Give Quiz Kudos
-
- Ratings
hide this ad
Replay
Link that replays current quiz
Next Quiz
Link to next quiz in quiz playlist
You Got
0%
They Got
Avg Score
38%
Avg Friend Score
Upgrade to see
Score Distribution
Jump to the score distribution portion of the page
Score
0/21
Timer
03:00
0
Plays Today
Rarity
Answer
% Correct
Common
Duct Tape
76%
Common
Toy Car
56%
Common
Yarn
56%
Rare
Shovel
48%
Rare
Teddy Bear
48%
Common
Baseball Glove
44%
Rare
Globe
44%
Legendary
Giddyup Buttercup
40%
Common
Alarm Clock
36%
Rare
Brahmin Hide
36%
Rare
Wonderglue
36%
Rarity
Answer
% Correct
Legendary
Tri-Fold Flag
36%
Rare
Microscope
32%
Legendary
Gold Watch
32%
Legendary
Military Circuit Board
32%
Legendary
Military Duct Tape
32%
Legendary
Yao Guai Hide
32%
Common
Magnifying Glass
28%
Common
Desk Fan
24%
Rare
Camera
24%
Legendary
Chemistry Flask
16%
Quiz Playlist
Details
Report
Send in Message
Add To Playlist
Classic:
Type in answers that appear in a list
Last Updated: Apr 28, 2017
Quiz Scoreboard
CHALLENGE
Sign Up to Join the Scoreboard
Show All
Scores
Hide
Comments
May contain spoilers
Recently Published
Street Fighter Characters
by Artimus82
Gaming
60s
9x9 Crossword: Cartoon Network
by jackfrog10
Miscellaneous
3m
College Basketball Coaching Resumes
by pancakes188
Sports
9m
More to Explore
Quiz From the Vault
Featured Blog Post
Where Did the Easter Bunny Come From?
hide this ad
You Might Also Like...
Tags
fallout
Shelter
Today's Top Quizzes in Gaming
Browse Gaming
hide this ad
Today's Top Quizzes in fallout
Browse fallout
Top Contributed Quizzes in Gaming
1
5-to-1: Consoles
2
7-to-1: Board Game Piece Blitz
3
5-to-1: Legend of Zelda
4
League of Legends Pro Players by Career/Team History
5
Destiny 2 exotic weapons by perk icons
6
Ultimate Genshin Impact Logic Puzzle (up to 4.3)
7
Franchise by Action Figure
8
Who's on the WWE 2K24 Cover?
9
Genshin Impact Logic Puzzle Quiz
10
Order the Pokémon Regions
Explore More
Trending Topics
Crossword
Anime
Kpop
NBA
Harry Potter
Marvel
Disney
Soccer
The Office
NFL
Pokémon
Song
Puzzle
Country
WWE
hide this ad
More By:
Mr_Foreveralone
Quiz
Plays
Rating
Category
Featured
Created
Civilization 5 (BNW) Resources
544
4.50
Gaming
Apr 5, 2017
Magia Record Magical Girls (February 5, 2024)
437
5.00
Entertainment
Aug 22, 2018
Magia Record Characters Doppel
292
4.00
Entertainment
Aug 24, 2018
To Love Ru Characters (in the Manga)
159
Entertainment
Jun 4, 2015
Civilization V (BNW) City States
155
2.67
Gaming
Apr 5, 2017
Go to Creator's Profile
Score Distribution
Quiz Creator Spotlight
Mr_Foreveralone
Follow
Send a Message
Quizzes Created
-
Created Quiz Play Count
-
More By This Creator
Popular Quizzes Today
1
Find the US States - No Outlines Minefield
2
Find the Countries of Europe - No Outlines Minefield
3
The Countries of the World
4
Find the US States
5
Risky Map Clicking: Biggest States A-Z
6
US States
7
Popular People in 1961
8
Movies - When Are They Set?
More Gaming Quizzes
Kingdom Hearts: The True Master
Quiz Lab
Trending Quizzes
Risky Map Clicking: Least Populous States A-Z
Countries of the World: 200 Million BC
1-10 Letter G Words
Risky Map Clicking: Next State Alphabetically
Adjectives in 80s TV Shows
Recently Updated
Leaping Animals
pecheneg
Reality TV Shows (A-Z)
bhenderson79
Rickey Henderson's Hall of Fame Teammates
pecheneg
Champions League XIs: Arsenal
pecheneg
Quick Pick: Celebrities in WWE's Hall of Fame
aduchscher
A-Z Keypad Blitz II
pecheneg
Multiple Oscar Actors
pecheneg
Mystery Phrase Blitz: Oscar 'Best Actors'
pecheneg
F. Scott Fitzgerald Novels
LTH
Pick 3 Villains
ddd62291
Trending Topics
Anime
Kpop
Crossword
Marvel
NBA
Disney
Harry Potter
Song
Country
Soccer
The Office
Pokémon
WWE
NFL
Puzzle
Your Account Isn't Verified!
In order to create a playlist on Sporcle, you need to verify the email address you used during registration. Go to your
Sporcle Settings
to finish the process.
Report this User
Report this user for behavior that violates our
Community Guidelines
.
Details:
Send Report
Go to the Sporcle.com Mobile Site →
Comments